000 00777cam a2200277 i 4500
001 768714001
003 CO-MdFUSB
005 20240628071753.0
007 ta
008 240628t1950 -us||||| |||| 00| 0 eng d
040 _cCO-MdFUSB
041 0 _aeng
082 0 4 _223
_aG 234.8
_bW3371h
100 1 _aWatson, George D.
_eautor
245 1 0 _aThe Heavenly life and types of the Holy Spirit
_c/ George D. Watson
260 _aGod's Bible School and College
264 1 _b God's Bible School and College,
_aCincinnati, Ohio, USA :
_c[1950]
264 4 _c©1950
300 _a85 Pag
336 _atexto
_btxt
_2rdacontent
337 _2rdamedia
_asin mediación
_bn
338 _2rdacarrier
_avolumen
_bnc
653 _aSantificacion
942 _cBK
945 _aMiguel
999 _c34951
_d34951